00323nam a2200109Ia 4500008004100000020001800041100001700059245003100076260003900107650002600146856004100172171212s9999 xx 000 0 und d a9780874216486 aSwenson, May cSwenson, MayaCentaur, The bUniversity Press of Coloradoc2007 aLanguage & Literature uhttp://jstor.org/stable/j.ctt1d8hb0p